Estudios sobre Abu Nasr Mansur B. 'Ali B. 'Iraq / por Julio Samsó Moya
Descripción Física:
XI, 161 p., 12 p. làm. pleg. ; 24 cm
MARC
| LEADER | 00000nam a2200000Ia 4500 | ||
|---|---|---|---|
| 001 | 879 | ||
| 003 | BGR | ||
| 005 | 20260324175210.0 | ||
| 008 | 160829s1969 xx 000 0 cat d | ||
| 080 | |a C-1-247 | ||
| 100 | |a Samsó Moya, Julio |9 19902 | ||
| 245 | |a Estudios sobre Abu Nasr Mansur B. 'Ali B. 'Iraq / por Julio Samsó Moya | ||
| 260 | |a Barcelona : |b (Imp. Casa Prov. Caridad), |c 1969 | ||
| 300 | |a XI, 161 p., 12 p. làm. pleg. ; |c 24 cm | ||
| 490 | |a Diputación Provincial de Barcelona. Asociación para la historia de la ciencia española | ||
| 600 | 1 | 0 | |a Nasr Mansur, Abu |9 71851 |
| 650 | |a Astrolabis |9 30849 | ||
| 650 | |a Ciència antiga |x Pèrsia |9 19905 | ||
| 710 | 1 | |a Barcelona (Catalunya : Província). |b Diputació |9 52408 | |
| 901 | |a Arxiu | ||
| 942 | |n 1 |2 udc |c MON | ||
| 952 | |0 0 |1 0 |4 0 |6 C1247 |7 1 |9 41366 |a Arxiu |b Arxiu |d 2016-12-01 |l 0 |o C-1-247 |p 879 |r 2016-12-01 00:00:00 |w 2016-12-01 |y ARXIU | ||
| 999 | |c 43173 |d 43173 | ||